Halo Wars all levels - Statistics

General Stats
  • This quiz has been taken 7 times
  • The average score is 12 of 34
Answer Stats
Hint Answer % Correct
Halo Wars Alpha Base
100%
Halo Wars Arcadia City
100%
Halo Wars Arcadia Outskirts
75%
Halo Wars Relic Approach
75%
Halo Wars Beachhead
50%
Halo Wars Cleansing
50%
Halo Wars Dome of Light
50%
Halo Wars Reactor
50%
Halo Wars Relic Interior
50%
Halo Wars Repairs
50%
Halo Wars Scarab
50%
Halo Wars The Flood
50%
Halo Wars Anders' Signal
25%
Halo Wars 2 A New Enemy
25%
Halo Wars 2 Ascension
25%
Halo Wars Escape
25%
Awakening the Nightmare DLC Fighting Retreat
25%
Halo Wars 2 From the Deep
25%
Operation: SPEARBREAKER DLC Gatecrashers
25%
Halo Wars 2 Hold the Line
25%
Halo Wars 2 Last Stand
25%
Halo Wars 2 Lights Out
25%
Halo Wars 2 One Three Zero
25%
Halo Wars Shield World
25%
Halo Wars 2 The Cartographer
25%
Halo Wars 2 The Foundry
25%
Halo Wars 2 The Halo
25%
Halo Wars 2 The Signal
25%
Halo Wars 2 Under the Dark
25%
Awakening the Nightmare DLC What Could Go Wrong?
25%
Awakening the Nightmare DLC Light the Fuse
0%
Awakening the Nightmare DLC Manifestation
0%
Operation: SPEARBREAKER DLC Not on My Watch
0%
Awakening the Nightmare DLC The Archive
0%
No matching quizzes found
Score Distribution
Percent of People with Each Score
Percentile by Number Answered
Your Score History
You have not taken this quiz